000 01996nam0a2200409 4500
001 RU\NLR\bibl\1704461
005 20260405221350.0
010 _a978-5-93136-132-1
_91000
021 _aRU
_b2010-82596
_95503
035 _a(nilc)RSL-KNO-004798596
035 _a(NLR Aleph) 001695527
090 _a1187793
_c1187793
100 _a20101025d2010 |||y0rusy50 ca
101 0 _arus
_aeng
102 _aRU
105 _aa |||||||||
200 1 _aКлассик по имени Лёля в стране Мультипликации
_dA Classic, Liolly by Name, in the Land of Anmation
_e[Шварцман Леонид (Израиль) Аронович]
_f[авт. текста: Н. Н. Абрамова]
_zeng
210 _aМосква
_cКлюч-С
_d2010
215 _a161, [2] с.
_cил., цв. ил., портр., цв. портр.
_d32
300 _aАвт. указан на обороте тит. л.
300 _aТекст рус., англ.
320 _aФильмогр. в конце кн.
510 1 _6z20790
_aA Classic, Liolly by Name, in the Land of Anmation
_zeng
600 1 _aШварцман
_bЛ.А.
_f1920
_gЛеонид Аронович
_92619840
_3RU\NLR\auth\661556400
686 _aЩ154.643(2Р=Р)7-8Шварцман Л.А.4я6
_2rubbk
686 _aЩ377.077я6
_2rubbk
686 _aЩ377.3(2Р)7-85Шварцман
700 1 _4070
_8rus
_7ca
_aАбрамова
_bН. Н.
_cмультипликатор
_f1937-
_gНаталья Николаевна
_3RU\NLR\AUTH\7769863
_952791
702 1 _4570
_8rus
_7ca
_aШварцман
_bЛ. А.
_cхудожник-мультипликатор
_f1920-
_gЛеонид Аронович
_3RU\NLR\AUTH\7799700
_982626
790 1 _4070
_8rus
_7ba
_aAbramova
_bN. N.
_cмультипликатор
_f1937-
_gNatal'ja Nikolaevna
_3RU\NLR\AUTH\7799703
_982629
801 0 _aRU
_bRuMoRKP
_c20101025
_grcr
801 1 _aRU
_bRuMoRGB
_c20101025
801 2 _aRU
_bNLR
_c20101123
_grcr
942 _cBOOK
980 _aNB